| 000 | 01164nam a2200217 a 4500 | ||
|---|---|---|---|
| 005 | 20210219160103.0 | ||
| 008 | 080728s1982 mx r 000 0 spa d | ||
| 035 | _aUPN01000158328 | ||
| 049 | _aUNE | ||
| 080 | _a371.13: 376.6/.7 (7/8) BAC. | ||
| 100 | 1 | _aBacal R., Azril | |
| 245 | 1 | 0 |
_aCapacitación de educadores para áreas marginales. II : _bDesafíos en la capacitación de educadores en el medio rural / _cAzril Bacal R. |
| 260 |
_aSantiago de Chile : _bOficina Regional de Educación de la UNESCO para América Latina y el Caribe, _c1982. |
||
| 300 |
_a84 p. : _bfot. |
||
| 500 | _aSeminario Taller Subregional sobre Innovaciones en la Formación y Perfeccionamiento de Educadores en el marco de los Objetivos del Proyecto Principal de educación en América Latina y el Caribe, Bogotá (Colombia)/ 1981. | ||
| 690 | _aFormación de docentes - Desarrollo rural- América Latina | ||
| 690 | _aDesarrollo rural - Formación de docentes - América Latina | ||
| 690 | _aAmérica Latina - Formación de docentes - Desarrollo rural | ||
| 710 | 2 |
_aOREALC. _bOficina Regional de Educación de la UNESCO para América Latina y el Caribe. |
|
| 905 | _aUNESCO | ||
| 999 |
_c130442 _d130442 |
||